000 00725cab a2200229 4500
001 ABS41077
008 090401t1989 xxu||||| |||| 00| 0 eng d
035 _a(Sirsi) u28061
041 _aeng
100 _aRidout, G.
245 _aEroding confidence
260 _c1989
350 _a0
490 _aBuilding
_v254(7607) 21 July 1989, 62-63(2)
520 _aReports on growing international concern over the effectiveness of epoxy coated reinforcement bars developed in the USA in the early 1970s to prevent reinforcement corrosion in bridges .
650 _aBUILDING FAILURES
650 _aCHLORIDE
650 _aCONCRETE
690 _aBUILT ENVIRONMENT-BUILDING PATHOLOGY
942 _n0
948 _c04/03/1997
999 _c18925
_d18925